El pasado instrucciones de uso. Historia, memoria, política.

সংরক্ষণ করুন:
গ্রন্থ-পঞ্জীর বিবরন
প্রধান লেখক: Traverso, Enzo (autor)
অন্যান্য লেখক: Vogelfang, Lucía (traducción)
বিন্যাস: অজ্ঞাত
প্রকাশিত: Buenos Aires, Argentina: Prometeo Libros, 2011.
বিষয়গুলি:
ট্যাগগুলো: ট্যাগ যুক্ত করুন
কোনো ট্যাগ নেই, প্রথমজন হিসাবে ট্যাগ করুন!

MARC

LEADER 00000 a2200000 4500
003 CL-VaPUC
005 20240409101153.0
008 240318t2011 ||||| |||| 00| 0 eng d
999 |c 443173  |d 443171 
020 |a 9875745247 
040 |c Pontificia Universidad Católica de Valparaíso 
082 7 |2 22  |a 901 TRA 2011 
100 |a Traverso, Enzo  |9 245675  |e autor 
245 1 3 |a El pasado instrucciones de uso.  |b Historia, memoria, política. 
260 |a Buenos Aires, Argentina:  |b Prometeo Libros,  |c 2011. 
300 |a 111 páginas. 
583 |k GC  |c 20240318 
650 0 |9 548864  |a Memoria colectiva 
650 0 |9 450191  |a Ensayo italiano 
700 |a Vogelfang, Lucía  |e traducción  |9 887787 
942 |2 ddc  |c BK 
952 |0 0  |1 0  |2 ddc  |4 0  |6 901_000000000000000_TRA_2011  |7 0  |8 A  |9 593616  |a BIBHIS  |b BIBHIS  |d 2024-03-11  |e 3  |g 20899.00  |i 5660301  |l 5  |o 901 TRA 2011  |p 5660301  |r 2025-04-15  |s 2025-04-15  |t 1  |v 20899.00  |w 2024-03-11  |y BK  |k HIS